00519nam a2200157Ia 45000010006000000050017000060080041000230410008000640820020000721000052000922450162001442600009003063000030003156500008003456540008003531692320260306170347.0260306t2014||||xx |||||||||||||| ||und|| aESP a657.3bI61 P. B aInternational Financial Reporting StandardeAUT 0aInternational Financial Reporting Standards:brequired for annual reporting periods beginning on 1 January 2014. This edition published in two parts. Parte B c2014 aB2155 páginas :c25 cm. aGEN aCCO